К. Э. Циолковский. Проблемы индустриализации космоса и рационального использования земных ресурсов. Ч. 1 (Запись № 13556806)
[ простой вид ]
| 000 -МАРКЕР | |
|---|---|
| контрольное поле | 02834nam2a2200289 4500 |
| 001 - ИДЕНТИФИКАТОР ЗАПИСИ | |
| контрольное поле | RU\NLR\BIBL_A\022737387 |
| 005 - ИДЕНТИФИКАТОР ВЕРСИИ | |
| контрольное поле | 20260323103454.0 |
| 010 ## - МЕЖДУНАРОДНЫЙ СТАНДАРТНЫЙ НОМЕР КНИГИ (ISBN) | |
| Номер (ISBN) | 978-5-907928-67-1 |
| Уточнения | ч. 1 |
| Тираж | 400 |
| 021 ## - НОМЕР ГОСУДАРСТВЕННОЙ РЕГИСТРАЦИИ | |
| Код страны | Российская Федерация |
| Номер | КН-П-25-082234 |
| Номер Листа государственной регистраци | КН-П-25-7962 |
| 035 ## - ДРУГИЕ СИСТЕМНЫЕ НОМЕРА | |
| Идентификатор записи | (NLR Aleph) 022737387 |
| 100 ## - ДАННЫЕ ОБЩЕЙ ОБРАБОТКИ | |
| Данные общей обработки | 20260226d2025 k y0rusy50 ca |
| 101 0# - ЯЗЫК РЕСУРСА | |
| Язык текста, звукозаписи и т.д. | русский |
| -- | английский |
| 102 ## - СТРАНА ПУБЛИКАЦИИ ИЛИ ПРОИЗВОДСТВА | |
| Страна публикации | Российская Федерация |
| 105 ## - ПОЛЕ КОДИРОВАННЫХ ДАННЫХ: ТЕКСТОВЫЕ МАТЕРИАЛЫ, МОНОГРАФИЧЕСКИЕ | |
| Кодированные данные о монографическом текстовом документе | a z 101yy |
| 200 0# - ЗАГЛАВИЕ И СВЕДЕНИЯ ОБ ОТВЕТСТВЕННОСТИ | |
| Основное заглавие | Ч. 1 |
| 210 ## - ПУБЛИКАЦИЯ, РАСПРОСТРАНЕНИЕ И ДР. | |
| Дата издания, распространения и т.д. | 2025 |
| 215 ## - ФИЗИЧЕСКАЯ ХАРАКТЕРИСТИКА | |
| Специфическое обозначение материала и объем | 317 с. |
| Другие сведения о физической характеристике | ил., табл. |
| 320 ## - ПРИМЕЧАНИЯ О НАЛИЧИИ В ДОКУМЕНТЕ БИБЛИОГРАФИИ / УКАЗАТЕЛЯ | |
| Текст примечания | Авт. указ.: с. 292-299 |
| 327 1# - ПРИМЕЧАНИЯ О СОДЕРЖАНИИ | |
| Текст примечания | В сб. также материалы IX симпозиума "Современные проблемы создания российских малых космических аппаратов и их использования для решения социально-экономических задач", проходившего в рамках чтений |
| 461 #0 - УРОВЕНЬ НАБОРА | |
| Встроенное поле | 001RU\NLR\BIBL_A\022730681 |
| -- | 2001#$aК. Э. Циолковский. Проблемы индустриализации космоса и рационального использования земных ресурсов$dK. E. Tsiolkovsky. Problems of space industrialization and rational use of terrestrial resources$eматериалы 60-х научных чтений, посвященных разработке научного наследия и развитию идей К. Э. Циолковского$fМинистерство культуры Российской Федерации [и др.$gредакционная коллегия: академик РАН В. А. Соловьев (председатель) и др.]$zeng$vЧ. 1 |
| Системный номер (АБИС) связанной записи | 13650282 |
| Место публикации | Калуга |
| Дата публикации | 2025- |
| Первые сведения об ответственности | Министерство культуры Российской Федерации [и др. |
| Параллельное заглавие | K. E. Tsiolkovsky. Problems of space industrialization and rational use of terrestrial resources |
| Имя издателя, распространителя и т.д. | Стрельцов И. А. (Изд-во "Эйдос") |
| Сведения, относящиеся к заглавию | материалы 60-х научных чтений, посвященных разработке научного наследия и развитию идей К. Э. Циолковского |
| Заглавие | К. Э. Циолковский. Проблемы индустриализации космоса и рационального использования земных ресурсов |
| ISBN | 978-5-907928-66-4 |
| Номер тома | Ч. 1 |
| 711 12 - НАИМЕНОВАНИЕ ОРГАНИЗАЦИИ - АЛЬТЕРНАТИВНАЯ ОТВЕТСТВЕННОСТЬ | |
| Начальный элемент ввода | "Современные проблемы создания российских малых космических аппаратов и их использования для решения социально-экономических задач", симпозиум |
| Порядковый номер временной организации и / или порядковый номер ее части | 9 |
| Место проведения временной организации | Калуга |
| Дата проведения временной организации | 2025 |
| Системный номер авторитетной/нормативной записи | 2699677 |
| Идентификатор авторитетной/нормативной записи | RU\NLR\AUTH\880639658 |
| 942 ## - ДОПОЛНИТЕЛЬНЫЕ ЭЛЕМЕНТЫ ЗАПИСИ (АБИС) | |
| Тип экземпляра АБИС | Книга |
| 980 ## - КОЛЛЕКЦИЯ | |
| Название коллекции | Национальная библиография |
Нет доступных экземпляров.